[Event "Barcelona UGA"]
[Site "Barcelona"]
[Date "1992.??.??"]
[Round "4"]
[White "Sanchez Almeyra, Jorge"]
[Black "Pogorelov, Ruslan"]
[Result "0-1"]
[WhiteElo "2425"]
[BlackElo "2385"]

1.e4 c5 2.Nf3 e6 3.d4 cxd4 4.Nxd4 Nc6 5.Nb5 d6 6.c4 Nf6 7.N1c3 a6 8.Na3 b6
9.Be2 Bb7 10.O-O Be7 11.f4 O-O 12.Be3 Nd7 13.Bf3 Rc8 14.Rc1 Nc5 15.Qe2 Qc7
16.Rfd1 Qb8 17.Nab1 Kh8 18.Qf2 g5 19.g3 gxf4 20.gxf4 f5 21.exf5 Rxf5 22.Kh1 Ne5
23.Bxb7 Qxb7+ 24.Qg2 Qxg2+ 25.Kxg2 Nxc4 26.Bd4+ Bf6 27.b3 Nb2 28.Bxf6+ Rxf6
29.Rxd6 Nbd3 30.Rf1 Rg8+ 31.Kh1 Rxf4 32.Rxf4 Nxf4 33.Rd2 Ncd3 34.Ne4 h5 35.Nbc3 h4
36.h3 Ne5 37.Nf6 Rg3 38.Rd8+ Kg7 39.Nce4 Rxh3+ 40.Kg1 Rd3 41.Rg8+ Kf7 42.Rh8 Rg3+
43.Kf2 Rf3+ 44.Kg1 Ne2+ 45.Kg2 Rxf6 46.Nxf6 Kxf6 47.Rxh4 Nc3 48.a3 Ke7 49.Kf2 Kd6
50.Ke3 Nd5+ 51.Ke4 Nf6+ 52.Ke3 Nc6 53.Rh8 a5 54.Rc8 Nd7 55.Kd3 b5 56.Kc3 b4+
57.axb4 axb4+ 58.Kd3 Kd5 59.Kc2 Nc5 60.Kb2 e5 61.Rh8 e4 62.Re8 Nd3+ 63.Ka2 Nce5
64.Rd8+ Ke6 65.Rh8 e3 66.Kb1 e2 67.Kc2 e1=Q 68.Rh6+ Ng6 69.Rxg6+ Kf5  0-1

[Event "BEL-ch"]
[Site "BEL"]
[Date "1992.??.??"]
[Round "2"]
[White "Schuermans, Robert"]
[Black "Meulders, Richard"]
[Result "0-1"]
[WhiteElo "2255"]
[BlackElo "2385"]

1.e4 c5 2.Nf3 Nc6 3.d4 cxd4 4.Nxd4 e6 5.Nb5 d6 6.Bf4 e5 7.Be3 a6 8.N5c3 Be6
9.a4 Be7 10.Nd5 Bxd5 11.exd5 Nb8 12.a5 Nd7 13.Bd3 Bg5 14.Bxg5 Qxg5 15.O-O Ngf6
16.Ra4 O-O 17.f4 exf4 18.Raxf4 Rae8 19.c4 Ne5 20.Nc3 Ng6 21.Bxg6 hxg6 22.Qf3 Re7
23.Ne4 Nxe4 24.Rxe4 Rxe4 25.Qxe4 Qd2 26.h3 Qxa5 27.Kh1 Qb4 28.Qf4 a5 29.Rf3 a4
30.Kh2 g5 31.Qxg5 Qxb2 32.Qg3 Qb4 33.Rf4 a3 34.Rf3 a2 35.Ra3 Qb2  0-1

[Event "BEL-ch"]
[Site "BEL"]
[Date "1992.??.??"]
[Round "2"]
[White "Le Quang, Kim"]
[Black "Vanderwaeren, Serge"]
[Result "1-0"]
[WhiteElo "2215"]
[BlackElo "2315"]

1.e4 c5 2.Nf3 e6 3.d4 cxd4 4.Nxd4 Nc6 5.Nb5 d6 6.c4 Nf6 7.N1c3 a6 8.Na3 Be7
9.Be2 O-O 10.O-O b6 11.Be3 Bb7 12.Qb3 Nd7 13.Rad1 Qc7 14.f3 Rac8 15.Rd2 Nce5
16.Rc1 Nc5 17.Qd1 Qb8 18.Nab1 Rc7 19.Qe1 Ncd7 20.b3 Ng6 21.Qf2 Ba8 22.Rdd1 Rfc8
23.g3 Rf8 24.f4 f5 25.Nd2 fxe4 26.Bg4 Kf7 27.Ndxe4 h6 28.Nxd6+ Kg8 29.Bxe6+ Kh8
30.Bxd7 Rxd7 31.Nf7+ Rxf7 32.Rxd7 Ne5 33.Rxe7 Nf3+ 34.Kf1 Rxe7 35.Nd5 Bxd5
36.cxd5 Nxh2+ 37.Qxh2 Rxe3 38.Qf2 Qe8 39.Rc8 Qxc8 40.Qxe3 Qc2 41.Qe2 Qc5
42.Qd3  1-0

[Event "St Stefan/Belgrade m"]
[Site "Belgrade"]
[Date "1992.??.??"]
[Round "21"]
[White "Fischer, Robert James"]
[Black "Spassky, Boris V"]
[Result "1-0"]
[WhiteElo "2785"]
[BlackElo "2560"]

1.e4 c5 2.Nf3 Nc6 3.d4 cxd4 4.Nxd4 e6 5.Nb5 d6 6.c4 Nf6 7.N5c3 Be7 8.g3 O-O
9.Bg2 a6 10.O-O Rb8 11.Na3 Qc7 12.Be3 Bd7 13.Rc1 Ne5 14.h3 Rfc8 15.f4 Ng6
16.Qd2 Be8 17.Rfd1 b6 18.Qf2 h6 19.Kh2 Qa7 20.Qe2 Qc7 21.Bf3 Bc6 22.Nab1 Qb7
23.Nd2 b5 24.cxb5 axb5 25.b4 Qa8 26.Rc2 d5 27.e5 Ne4 28.Bxe4 dxe4 29.Bc5 Bxc5
30.bxc5 Rd8 31.Re1 Ne7 32.Ncxe4 Nf5 33.Nb3 Nd4 34.Nxd4 Rxd4 35.Nd6 Qa4 36.f5 Ra8
37.Rb2 Qa3 38.fxe6 fxe6 39.Nxb5 Bxb5 40.Qxb5 Rd3 41.Rg2 Qc3 42.Ree2 Ra3 43.Rc2 Qxe5
44.Rce2 Re3 45.Rxe3 Rxe3 46.a4 Rc3 47.c6 Qd6 48.c7 Rxc7 49.Qb8+ Kh7 50.a5 h5
51.h4 Qc5 52.a6 Rf7 53.Qb1+ Kh6 54.Qa2 Re7 55.Qd2+ Kg6 56.Re2 Kh7 57.Qc2+ Qxc2
58.Rxc2 Kg6 59.Ra2 Ra7 60.Ra5 e5 61.Kg2 Kf5 62.Kf2 Ke6 63.Ke3 Kf5 64.Kf3 g6
65.Ra3 g5 66.hxg5 Kxg5 67.Ke4  1-0

[Event "SWE-chB"]
[Site "Borlange"]
[Date "1992.??.??"]
[Round "7"]
[White "Jonsson, Hans"]
[Black "Eriksson, Anders"]
[Result "1-0"]
[WhiteElo "2305"]
[BlackElo "2270"]

1.e4 c5 2.Nf3 e6 3.d4 cxd4 4.Nxd4 Nc6 5.Nb5 d6 6.Bf4 e5 7.Be3 Nf6 8.Bg5 Qa5+
9.Qd2 Nxe4 10.Qxa5 Nxa5 11.Be3 Kd8 12.Bxa7 Nc6 13.Bb6+ Kd7 14.Bd3 Nf6 15.Nc7 Rb8
16.Nc3 g6 17.O-O-O Be7 18.Bc4 Bd8 19.N3b5 Nd4 20.Nxd4 exd4 21.Bb5+ Ke7 22.Rhe1+ Be6
23.Rxd4 Rc8 24.Nxe6 Bxb6 25.Ng5+ Kf8 26.Rxd6 Bxf2 27.Re2 Ng4 28.Bd7  1-0

[Event "SWE-ch"]
[Site "Borlange"]
[Date "1992.??.??"]
[Round "13"]
[White "Hermansson, Emil"]
[Black "Eriksson, Magnus"]
[Result "0-1"]
[WhiteElo "2315"]
[BlackElo "2350"]

1.e4 c5 2.Nf3 Nc6 3.d4 cxd4 4.Nxd4 e6 5.Nb5 d6 6.c4 Nf6 7.N1c3 a6 8.Na3 Be7
9.Be2 O-O 10.O-O b6 11.Be3 Ne5 12.f4 Ned7 13.Bf3 Bb7 14.Rc1 Nc5 15.Qc2 Qc7
16.Rfd1 Rac8 17.Nab1 Qb8 18.Nd2 b5 19.cxb5 axb5 20.b4 Na4 21.Qb3 Nxc3 22.Rxc3 Qa8
23.Rxc8 Rxc8 24.f5 e5 25.Bg5 Ng4 26.Bxg4 Bxg5 27.Nf3 Bf6 28.Bh5 Qa7+ 29.Kh1 Bxe4
30.Rxd6 Bxf5 31.Ng1 h6 32.h3 Rc1 33.Rd1 Rxd1 34.Qxd1 Qxa2 35.Qd6 Be4 36.Be2 Qa8
37.Nf3 Bxf3 38.gxf3 Qa1+ 39.Kg2 Qe1 40.Bxb5 Bh4 41.Qc6 Qg3+ 42.Kh1 Qxh3+
43.Kg1 Qg3+ 44.Kh1 Qh3+ 45.Kg1 Qg3+ 46.Kh1 g6 47.Bc4 Qh3+ 48.Kg1 Qg3+ 49.Kh1 Kg7
50.Qd5 Qh3+ 51.Kg1 Qg3+ 52.Kh1 Qf4 53.b5 Bf2 54.Kg2 Qg3+ 55.Kf1 Qg1+ 56.Ke2 Qe1+
57.Kd3 Qd1+ 58.Kc3  0-1

[Event "Bucaramanga"]
[Site "Bucaramanga"]
[Date "1992.??.??"]
[Round "6"]
[White "Rodriguez, Amador"]
[Black "Hernandez, Gilberto"]
[Result "1/2-1/2"]
[WhiteElo "2495"]
[BlackElo "2495"]

1.e4 c5 2.Nf3 e6 3.d4 cxd4 4.Nxd4 Nc6 5.Nb5 d6 6.c4 Nf6 7.N5c3 Be7 8.Be2 O-O
9.O-O b6 10.Bf4 Bb7 11.Re1 Rc8 12.Nd2 Ne5 13.Bg3 a6 14.Rc1 Qc7 15.a3 Qb8
16.b4 Bd8 17.f4 Ng6 18.Bd3 Bc7 19.Qe2 Rcd8 20.Rf1 Rfe8 21.h3 Bc6 22.Bh2 e5
23.f5 Nf4 24.Bxf4 exf4 25.Kh1 Re7 26.Qf3 b5 27.Nd5 Bxd5 28.cxd5 Bb6 29.Qxf4 Qa7
30.Rfe1 h6 31.Re2 Rc7 32.Nf1 Rxc1 33.Qxc1 Nd7 34.Rc2 Qb8 35.Nh2 Ne5 36.Be2 Ba7
37.f6 Qb6 38.fxg7 Kxg7 39.Ng4 Nxg4 40.Bxg4 Qd4 41.Qb2 Qxb2 42.Rxb2 Bd4 43.Rc2 Ra8  1/2-1/2

[Event "Spring op"]
[Site "Budapest"]
[Date "1992.??.??"]
[Round "?"]
[White "Szalanczy, Emil"]
[Black "Fominyh, Alexander"]
[Result "1/2-1/2"]
[WhiteElo "2420"]
[BlackElo "2500"]

1.e4 c5 2.Nf3 Nc6 3.d4 cxd4 4.Nxd4 e6 5.Nb5 d6 6.Bf4 e5 7.Be3 a6 8.N5a3 b5
9.c4 b4 10.Nc2 a5 11.Bd3 Be7 12.O-O Nf6 13.a3 Rb8 14.axb4 axb4 15.Nd2 O-O
16.Nb3 Nd7 17.Kh1 g6 18.Bh6 Re8 19.Ne3 Bf8 20.Bxf8 Rxf8 21.Bc2 Nc5 22.Nxc5 dxc5
23.Qd5 Qb6 24.Ba4 Bb7 25.Qd6 Qd8 26.Qxc5 Qd4 27.Qxd4 Nxd4 28.Nd5 Kg7 29.h3 b3
30.f4 exf4 31.Rxf4 Ra8 32.Nb6 Ra6 33.Nd7 Ne6 34.Rf3 Rd8 35.Raf1 Ng5 36.Rxb3 Bxe4
37.Nc5 Ra7 38.Rg3 h6 39.h4 Rc8 40.b4 Ne6 41.Nxe4 Rxc4 42.Nd6 Rxh4+ 43.Kg1 Rxb4
44.Bc2 Ng5 45.Rc3 Rb8 46.Rc6 Re7 47.Nxf7 Nxf7 48.Rxg6+ Kh8 49.Kh2 Rbb7 50.Ra1 Rb8  1/2-1/2

[Event "Spring op"]
[Site "Budapest"]
[Date "1992.??.??"]
[Round "?"]
[White "Lendvai, Noemi"]
[Black "Teske, Henrik"]
[Result "0-1"]
[WhiteElo "2175"]
[BlackElo "2455"]

1.e4 c5 2.Nf3 e6 3.d4 cxd4 4.Nxd4 Nc6 5.Nb5 d6 6.c4 Nf6 7.N1c3 a6 8.Na3 b6
9.g3 Bb7 10.Bg2 Be7 11.O-O O-O 12.b3 Qc7 13.Nc2 Rfd8 14.Qe2 Rac8 15.Bb2 Ne5
16.Rac1 Qb8 17.f4 Ned7 18.g4 d5 19.cxd5 exd5 20.e5 Bc5+ 21.Kh1 d4 22.exf6 Nxf6
23.Nxd4 Bxd4 24.h3 Re8 25.Qd3 Be3 26.Rce1 Rcd8 27.Qf5 Qa8 28.Re2 Bxg2+ 29.Rxg2 Rd2  0-1

[Event "Spring op"]
[Site "Budapest"]
[Date "1992.??.??"]
[Round "?"]
[White "Shmuter, Leonid"]
[Black "Pogorelov, Ruslan"]
[Result "1/2-1/2"]
[WhiteElo "2435"]
[BlackElo "2385"]

1.e4 c5 2.Nf3 e6 3.d4 cxd4 4.Nxd4 Nc6 5.Nb5 d6 6.c4 Nf6 7.N1c3 a6 8.Na3 b6
9.Be2 Bb7 10.O-O Nb8 11.f3 Nbd7 12.Bf4 Qc7 13.Qd2 Be7 14.Rfd1 Ne5 15.Be3 O-O
16.Rac1 Rac8 17.Na4 Ned7 18.b4 Ba8 19.Nc2 Qb8 20.Nd4 Rfe8 21.a3 Bf8 22.Bf1 d5
23.cxd5 Rxc1 24.Rxc1 exd5 25.Bf4 Bd6 26.Bxd6 Qxd6 27.e5 Nxe5 28.Bxa6 Nc4
29.Nf5 Qe5 30.Qg5 g6 31.Bxc4 dxc4 32.Nh6+ Kg7 33.Qxe5 Rxe5 34.Nxb6 Kxh6 35.Nxa8 Nd5
36.Rxc4 Re2 37.Nc7 Ne3 38.Rh4+ Kg5 39.Re4 f5 40.h4+ Kh6 41.Re7 f4 42.Ne8 Rxg2+
43.Kh1 Rf2 44.Nf6 Rf1+ 45.Kh2  1/2-1/2

[Event "Donau Cup op"]
[Site "Budapest"]
[Date "1992.??.??"]
[Round "9"]
[White "Kaiumov, Dmitry D"]
[Black "Szabolcsi, Janos"]
[Result "1/2-1/2"]
[WhiteElo "2395"]
[BlackElo "2375"]

1.e4 c5 2.Nf3 e6 3.d4 cxd4 4.Nxd4 Nc6 5.Nb5 d6 6.c4 Nf6 7.N1c3 a6 8.Na3 Be7
9.Be2 O-O 10.O-O b6 11.Be3 Ne5 12.Rc1 Bb7 13.f3 Qc7 14.Qb3 Ned7 15.Rfd1 Rac8
16.Kh1 Rfe8 17.Nab1 Nc5 18.Qc2 Qb8 19.Qd2 d5 20.cxd5 exd5 21.Bf4 Bd6 22.Bxd6 Qxd6
23.Nxd5 Nxd5 24.exd5 Qxd5 25.Qxd5 Bxd5 26.Nc3 Bxa2 27.Bxa6  1/2-1/2

[Event "FMDA tt"]
[Site "Buenos Aires"]
[Date "1992.??.??"]
[Round "2"]
[White "Spangenberg, Hugo"]
[Black "Mellano, Santiago"]
[Result "1-0"]
[WhiteElo "2305"]
[BlackElo "2220"]

1.e4 c5 2.Nf3 e6 3.d4 cxd4 4.Nxd4 Nc6 5.Nb5 d6 6.c4 Nf6 7.N1c3 a6 8.Na3 d5
9.cxd5 exd5 10.exd5 Nb4 11.Bc4 Bg4 12.Qd4 b5 13.Bb3 Bc5 14.Qe5+ Be7 15.O-O O-O
16.h3 Nd3 17.Qg3 Nxc1 18.Raxc1 Bd6 19.Qh4 Bf5 20.Nc2 Qb6 21.Nd4 Bg6 22.a3 Nh5
23.Nce2 Rfe8 24.Rc6 Qb8 25.Qg4 Nf6 26.Qg5 Re5 27.Qc1 Nxd5 28.f4 Rxe2 29.Nxe2 Ne7
30.Rc3 b4 31.axb4 Bxb4 32.Rcf3 Be4 33.Rg3 Qa7+ 34.Kh2 Nf5 35.Rg5 h6 36.Bd5 Bxd5
37.Rxf5 Qb7 38.Qe3 Bxg2 39.Rg1 Qf3 40.Qxf3 Bxf3 41.Nd4 Bb7 42.Re5 Rd8 43.Nf5 Rd2+
44.Kg3 f6 45.Re8+ Kf7 46.Rb8 Rd3+ 47.Kf2 Bc5+ 48.Ke2 Be4 49.Rxg7+ Ke6 50.Rg3 Rd7
51.Ng7+ Kd5 52.Ne8 Ke6 53.Ng7+ Kd5 54.Nh5 Ke6 55.Re8+ Kf7 56.Rxe4  1-0

[Event "Traffic op"]
[Site "Buenos Aires"]
[Date "1992.??.??"]
[Round "6"]
[White "Adla, Diego"]
[Black "Garcia, Raimundo"]
[Result "1-0"]
[WhiteElo "2435"]
[BlackElo "2365"]

1.e4 c5 2.Nf3 e6 3.d4 cxd4 4.Nxd4 Nc6 5.Nb5 d6 6.c4 Nf6 7.N1c3 a6 8.Na3 b6
9.Be2 Bb7 10.O-O Nb8 11.f3 Qc7 12.Bf4 g5 13.Be3 Nbd7 14.Qe1 Be7 15.Qf2 Rg8
16.Rac1 Nh5 17.Rfd1 Nf4 18.Bf1 Ng6 19.b4 Nge5 20.Na4 g4 21.Nxb6 gxf3 22.Nxd7 Qxd7
23.Bd4 Qa4 24.Bxe5 fxg2 25.Bd3 dxe5 26.Nc2 Rd8 27.c5 Bg5 28.Rb1 Rxd3 29.Rxd3 Bxe4
30.Rc3 Qxa2 31.Re1 Bc6 32.Qg3 Kf8 33.Qxe5 Qd5 34.Qd6+ Be7 35.Qxd5 Bxd5 36.c6 Ke8
37.Ne3 Bh4 38.Nxd5  1-0

[Event "Buenos Aires Najdorf qual"]
[Site "Buenos Aires"]
[Date "1992.??.??"]
[Round "11"]
[White "Servat, Roberto"]
[Black "Rodriguez, Jorge Luis"]
[Result "0-1"]
[WhiteElo "2395"]
[BlackElo "2300"]

1.e4 c5 2.Nf3 e6 3.d4 cxd4 4.Nxd4 Nc6 5.Nb5 d6 6.c4 Nf6 7.N1c3 a6 8.Na3 Be7
9.Be2 O-O 10.O-O Bd7 11.Be3 Na7 12.Qb3 Bc6 13.f3 Qb8 14.Rfd1 Re8 15.Bf2 Bd8
16.Bf1 b6 17.Kh1 Bc7 18.Nc2 Nc8 19.Bg1 Kh8 20.Ne3 Ra7 21.Qc2 Bd8 22.b4 Ne7
23.a4 Ba8 24.Rd2 Nc6 25.Rb1 Be7 26.Qd1 Ne5 27.h3 Rb7 28.Bh2 Qc7 29.Rc1 Nfd7
30.f4 Ng6 31.Be2 Bf8 32.Bg3 Ra7 33.Bf3 Nf6 34.h4 Ne7 35.f5 e5 36.Rxd6 Nc6
37.Rd2 Bxb4 38.Ncd5 Nxd5 39.cxd5 Bxd2 40.Qxd2 Qd8 41.Nc4 Nd4 42.Nxe5 Nxf3
43.gxf3 f6 44.Nc6 Bxc6 45.Rxc6 Rd7 46.Qc3 b5 47.axb5 axb5 48.d6 Qa8 49.Qc5 Qa1+
50.Kg2 Qb2+ 51.Kh3 Rdd8 52.Rc7 Qe2 53.d7 Qf1+ 54.Kh2 Qe2+ 55.Kh3 Rg8 56.Rc8 Qxf3
57.Rxd8 Qh1+ 58.Bh2 Qf1+  0-1

[Event "Calcutta"]
[Site "Calcutta"]
[Date "1992.??.??"]
[Round "10"]
[White "Rengarajan, Srinivasan"]
[Black "Murugan, Krishnamoorthy"]
[Result "1-0"]
[WhiteElo "2215"]
[BlackElo "2380"]

1.e4 c5 2.Nf3 Nc6 3.d4 cxd4 4.Nxd4 e6 5.Nb5 Nf6 6.N1c3 Bb4 7.a3 Bxc3+ 8.Nxc3 d5
9.exd5 exd5 10.Bd3 O-O 11.O-O Bg4 12.Qd2 Re8 13.Qf4 Qd7 14.h3 Be6 15.Bd2 d4
16.Ne4 Nxe4 17.Bxe4 Ne7 18.Rad1 Bd5 19.Bxd5 Qxd5 20.Bc3 Nc6 21.Bxd4 Rad8
22.Bf6 Qxd1 23.Qg5 Qxf1+ 24.Kh2  1-0

[Event "Cannes Martinez op"]
[Site "Cannes"]
[Date "1992.??.??"]
[Round "?"]
[White "Valensi, Berti"]
[Black "Cebalo, Miso"]
[Result "0-1"]
[WhiteElo "2260"]
[BlackElo "2500"]

1.e4 c5 2.Nf3 e6 3.d4 cxd4 4.Nxd4 Nc6 5.Nb5 d6 6.c4 Nf6 7.N1c3 a6 8.Na3 Be7
9.Be2 b6 10.Be3 Bb7 11.O-O Nb8 12.f3 Nbd7 13.Qd2 O-O 14.Rfd1 Qc7 15.Rac1 Rac8
16.Bf1 Qb8 17.Qf2 Bd8 18.Kh1 Bc7 19.Qh4 Rfe8 20.Bg1 Ne5 21.b3 h6 22.Nc2 Bd8
23.Qe1 d5 24.cxd5 exd5 25.f4 Ng6 26.e5 Nxf4 27.Qd2 Qxe5 28.Bd4 Qg5 29.Be3 Bc7
30.Nd4 Ng4 31.Nf3 Qg6 32.Bxf4 Bxf4 33.Qxf4 Nf2+  0-1

[Event "Cappelle op"]
[Site "Cappelle la Grande"]
[Date "1992.??.??"]
[Round "5"]
[White "Mircov, Nicolae"]
[Black "Balashov, Yuri S"]
[Result "0-1"]
[WhiteElo "2290"]
[BlackElo "2565"]

1.e4 c5 2.Nf3 e6 3.d4 cxd4 4.Nxd4 Nc6 5.Nb5 d6 6.c4 Nf6 7.N1c3 a6 8.Na3 Be7
9.Be2 O-O 10.O-O b6 11.Be3 Bb7 12.f4 Nd7 13.Bf3 Nc5 14.Rc1 Rc8 15.Nab1 Qc7
16.a3 Qb8 17.b4 Nd7 18.Qe2 Ba8 19.Rfd1 Rc7 20.Nd2 Rfc8 21.b5 axb5 22.Nxb5 Rb7
23.Nb3 Nc5 24.Nxc5 bxc5 25.g4 e5 26.a4 exf4 27.Bxf4 Ne5 28.Bxe5 dxe5 29.a5 Rc6
30.Rd3 Ra6 31.Rcd1 h6 32.Qe1 g6 33.h4 Kg7 34.Kg2 Qc8 35.Qc3 Qe6 36.Rd5 Bxh4
37.Rxe5 Qf6 38.Rxc5 Qxc3 39.Nxc3 Rb2+ 40.Kh3 Be7 41.Rb5 Rc2 42.Rd3 Rd6 43.Nd5 Bf6
44.Rb6 Be5 45.Bg2 h5 46.gxh5 Rd8 47.Nf4 Rxd3+ 48.Nxd3 Rc3 49.Bf1 Bxe4 50.hxg6 Bxd3
51.Bxd3 Rxd3+ 52.Kg4 fxg6 53.Rc6 Kh6 54.a6 Bd6 55.Kh4 g5+ 56.Kg4 Kg6  0-1

[Event "JUG-chT"]
[Site "Cetinje"]
[Date "1992.??.??"]
[Round "?"]
[White "Cabrilo, Goran"]
[Black "Abramovic, Bosko"]
[Result "1-0"]
[WhiteElo "2515"]
[BlackElo "2505"]

1.e4 c5 2.Nf3 Nc6 3.d4 cxd4 4.Nxd4 e6 5.Nb5 d6 6.c4 a6 7.N5c3 Nf6 8.Be2 Be7
9.O-O O-O 10.Be3 b6 11.Na3 Bb7 12.Qb3 Nd7 13.Rfd1 Qc7 14.Rac1 Nce5 15.Nab1 h6
16.Nd2 Rab8 17.Qc2 Ng6 18.Nf3 Rfd8 19.Nd4 Bg5 20.Bxg5 hxg5 21.Qd2 Nf4 22.Bf1 Nc5
23.Qe3 Qe7 24.Nf3 f6 25.h4 e5 26.g3 g4 27.Nd2 g5 28.Nd5 Nxd5 29.exd5 f5 30.b4 Nd7
31.hxg5 Qh7 32.f3 Kg7 33.fxg4 fxg4 34.Bg2 Rh8 35.Nf1 Rbf8 36.Rd2 Qh5 37.Be4 Bc8
38.Rcc2 Qe8 39.Rf2 Rxf2 40.Rxf2 Rf8 41.Rxf8 Qxf8 42.Nh2 a5 43.a3 axb4 44.axb4 Qf7
45.g6 Qe7 46.Nxg4 Nf8 47.Qh6+ Kg8 48.g7 Qxg7 49.Nf6+ Kf7 50.Qxg7+ Kxg7 51.Ne8+  1-0

[Event "JUG-chT"]
[Site "Cetinje"]
[Date "1992.??.??"]
[Round "?"]
[White "Bojkovic, Natasa"]
[Black "Maric, Alisa"]
[Result "1/2-1/2"]
[WhiteElo "2365"]
[BlackElo "2390"]

1.e4 c5 2.Nf3 e6 3.d4 cxd4 4.Nxd4 Nc6 5.Nb5 d6 6.c4 Nf6 7.N1c3 a6 8.Na3 Be7
9.Be2 O-O 10.O-O b6 11.Be3 Bb7 12.Qb3 Nd7 13.Rfd1 Qc7 14.Rac1 Nc5 15.Qc2 Rac8
16.Qd2 Rfd8 17.f3 Qb8 18.Nc2 Ne5 19.Kh1 Ncd7 20.b3 Ng6 21.Bf1 h6 22.Nd4 Re8
23.Nc2 Red8 24.Na4 Bc6 25.Nc3 Bb7 26.Nd4 Re8 27.Nde2 Bc6 28.Nd4 Bb7 29.Nde2 Bc6
30.Nd4  1/2-1/2

[Event "JUG-chT"]
[Site "Cetinje"]
[Date "1992.??.??"]
[Round "?"]
[White "Vuksanovic, Sanja"]
[Black "Maric, Alisa"]
[Result "0-1"]
[WhiteElo "2270"]
[BlackElo "2390"]

1.e4 c5 2.Nf3 e6 3.d4 cxd4 4.Nxd4 Nc6 5.Nb5 d6 6.c4 Nf6 7.N5c3 Be7 8.Be2 O-O
9.O-O b6 10.f4 Bb7 11.Bf3 Rc8 12.b3 Qc7 13.Bb2 Qb8 14.Na3 Nd7 15.Qd2 Bf6
16.Nab5 a6 17.e5 dxe5 18.Nd6 Rcd8 19.Nxb7 Qxb7 20.Ne4 Be7 21.fxe5 Ndxe5 22.Qe2 Qc7
23.Bh5 f5 24.Nd2 Bf6 25.Ba3 Nd4 26.Qf2 Nd3 27.Qe3 Nc5 28.Bxc5 Qxc5 29.Kh1 g6
30.Bd1 e5 31.a3 Ne6 32.Qxc5 bxc5 33.Ra2 Rd6 34.Be2 Nd4 35.Nf3 Nxb3 36.Rb2 Na5
37.Rfb1 e4  0-1

[Event "JUG-chT"]
[Site "Cetinje"]
[Date "1992.??.??"]
[Round "?"]
[White "Cabrilo, Goran"]
[Black "Kontic, Djordje"]
[Result "1-0"]
[WhiteElo "2515"]
[BlackElo "2375"]

1.e4 c5 2.Nf3 Nc6 3.d4 cxd4 4.Nxd4 e6 5.Nb5 d6 6.c4 Nf6 7.N5c3 b6 8.Be2 Bb7
9.Bf4 Ne5 10.Nd2 Be7 11.O-O Qc7 12.Rc1 a6 13.Kh1 Rc8 14.a3 Qb8 15.b4 Qa8
16.f3 O-O 17.Na4 Ned7 18.Nb3 Rc6 19.Qd2 Rfc8 20.Rfd1 Kh8 21.Qe1 Rg8 22.Be3 g5
23.c5 g4 24.Bd4 gxf3 25.Bxf3 e5 26.Bb2 Rg6 27.cxd6 Rxd6 28.Nc3 Rxd1 29.Rxd1 Qg8
30.Nd2 Ng4 31.Nf1 Bc6 32.Nd5 Bd8 33.Nde3 Nxe3 34.Nxe3 Bg5 35.Nf5 h6 36.Rd3 Kh7
37.Qd1 Nf6 38.Ne7 Ng4 39.Bxg4 Bxe7 40.Bf5 Kh8 41.Bxe5+ f6 42.Qh5 Qc4 43.Bxg6 Kg7
44.Bf4  1-0

[Event "EU-chT (Women)"]
[Site "Debrecen"]
[Date "1992.??.??"]
[Round "3"]
[White "Cooper, Deborah"]
[Black "Paasikangas, Johanna"]
[Result "0-1"]
[WhiteElo "2150"]
[BlackElo "2170"]

1.e4 c5 2.Nf3 e6 3.d4 cxd4 4.Nxd4 Nc6 5.Nb5 d6 6.c4 Nf6 7.N5c3 Be7 8.Be2 O-O
9.O-O b6 10.f4 Bb7 11.Bf3 Nd7 12.Be3 Na5 13.Na3 Rc8 14.Qa4 a6 15.Rac1 Nc5
16.Qd1 Nc6 17.Nab1 Nb4 18.a3 Ncd3 19.axb4 Nxc1 20.b3 Nxb3 21.Qxb3 Qc7 22.Be2 Qc6
23.b5 axb5 24.cxb5 Qc7 25.Bd3 Ba8 26.Na4 Rb8 27.Nd2 d5 28.exd5 exd5 29.Bd4 Bd6
30.g3 Kh8 31.Qb2 f6 32.Qb1 Qa7 33.Qd1 Bc5 34.Nf3 Rfe8 35.Bc2 Qe7 36.Re1 Qd6
37.Rxe8+ Rxe8 38.Qd3 g6 39.Qc3 Bxd4+ 40.Qxd4 Kg7 41.Qc3 d4 42.Qxd4 Qa3 43.Bd1 Qe7
44.Qc3 Rd8 45.Nb2 Kh6 46.Kf2 Rd6 47.g4 g5 48.Nd4 Be4 49.Nf5+ Bxf5 50.fxg5+ fxg5
51.gxf5 Qe4 52.Be2 Qxf5+ 53.Qf3 Qc5+ 54.Kg2 Kg7 55.Nd3 Qxb5 56.Nf4 Qc6 57.Qxc6 Rxc6
58.Nd5 Rd6 59.Nc3 Rd4 60.Kg3 Kg6 61.Nb5 Rd2 62.Kf3 h5 63.Ke3 Rb2 64.h3 g4
65.h4 Kf5 66.Nd6+ Ke6 67.Ne4 Ke5 68.Ng3 Rb3+ 69.Bd3 b5 70.Nxh5 b4 71.Ng3 Rc3
72.h5 b3 73.Kd2 Rc8 74.h6 Kf4 75.Ne2+ Ke5 76.h7 b2 77.Bb1 Kf6 78.Nc3 Kg7
79.Be4 g3 80.Ne2 g2 81.Bc2 Rf8 82.Kc3 Rf2  0-1

[Event "Dortmund op-A"]
[Site "Dortmund"]
[Date "1992.??.??"]
[Round "7"]
[White "Szalanczy, Emil"]
[Black "Kochyev, Alexander"]
[Result "1/2-1/2"]
[WhiteElo "2420"]
[BlackElo "2495"]

1.e4 c5 2.Nf3 e6 3.d4 cxd4 4.Nxd4 Nc6 5.Nb5 d6 6.Bf4 e5 7.Be3 a6 8.N5a3 Nf6
9.Nc3 b5 10.Nd5 Nxd5 11.exd5 Ne7 12.c4 Nf5 13.Bd2 bxc4 14.Nxc4 a5 15.Bd3 Be7
16.O-O O-O 17.Qe1 a4 18.Ba5 Qe8 19.Nb6 Ra7 20.Nxc8 Qxc8 21.Bb6 Ra8 22.Rc1 Qb7
23.Rc6 Nh4 24.Qe3 Qd7 25.Rc7 Qe8 26.Rfc1 f5 27.Qh3 e4 28.Bf1 Ng6 29.Bd4 Bf6
30.Bxf6 Rxf6 31.b4 axb3 32.axb3 Rf7 33.Rxf7 Qxf7 34.Qc3 Ne5 35.b4 Qxd5 36.h3 h6
37.Rb1 Kh7 38.b5 Qc5 39.Qb3 Rb8 40.Rd1 Nd3  1/2-1/2

[Event "Eger op"]
[Site "Eger"]
[Date "1992.??.??"]
[Round "?"]
[White "Fochtler, Ekkehard"]
[Black "Kurajica, Bojan"]
[Result "1-0"]
[WhiteElo "2260"]
[BlackElo "2590"]

1.e4 c5 2.Nf3 e6 3.d4 cxd4 4.Nxd4 Nc6 5.Nb5 d6 6.c4 a6 7.N5c3 Nf6 8.Be2 Be7
9.O-O O-O 10.Be3 Qc7 11.Nd2 Rb8 12.Rc1 Bd7 13.f3 Rfc8 14.Qe1 Qd8 15.Qf2 Ne5
16.Ba7 Ra8 17.Bb6 Qf8 18.Rfd1 Bc6 19.Nb3 Ng6 20.Na5 Nd7 21.Be3 Rab8 22.Kh1 Bh4
23.Qf1 Be7 24.Qf2 Bh4 25.Qg1 Be7 26.b3 Nf6 27.Nxc6 Rxc6 28.f4 Rbc8 29.a4 Nd7
30.Qe1 Nb8 31.a5 R6c7 32.g3 Rd7 33.Bf3 Nc6 34.Na4 Rdd8 35.Rb1 Nb8 36.Qb4 d5
37.Qxb7 Rd7 38.Qa8 Nc6 39.Qxa6 d4 40.Nb6  1-0

[Event "Erkelmem op"]
[Site "Erkelmem"]
[Date "1992.??.??"]
[Round "?"]
[White "Videki, Sandor"]
[Black "Zemerov, Vladimir"]
[Result "0-1"]
[WhiteElo "2305"]
[BlackElo "2340"]

1.e4 c5 2.Nf3 e6 3.d4 cxd4 4.Nxd4 Nc6 5.Nb5 d6 6.c4 Nf6 7.N1c3 a6 8.Na3 Be7
9.Be2 b6 10.O-O Bb7 11.Be3 Nb8 12.f3 Nbd7 13.Qd2 O-O 14.Rfd1 Qc7 15.Rac1 Rac8
16.Kh1 Qb8 17.Bf1 Rfe8 18.Nc2 Kh8 19.b3 Rg8 20.Na4 Bc6 21.Nc3 Bb7 22.Rb1 Rge8
23.Bg1 Qc7 24.Nd4 Qb8 25.a4 Bd8 26.Nc2 Bc7 27.Ne3 Rcd8 28.b4 Qa8 29.Qa2 Ne5
30.Rd2 g5 31.a5 bxa5 32.b5 Nfd7 33.Nc2 Rg8 34.Qb2 f6 35.Nd4 Nc5 36.bxa6 Bxa6
37.Ndb5 Bxb5 38.Nxb5 Bb8 39.Rbd1 Qc6 40.Qa3 Nb7 41.Bd4 Rdf8 42.h3 Rf7 43.Be2 h5
44.Rc1 Rfg7 45.Qe3 Qe8 46.h4 Kh7 47.hxg5 Rxg5 48.Bf1 Qg6 49.Rc3 Rg3 50.Bxe5 fxe5
51.Qf2 Rg7 52.c5 dxc5 53.Rc1 h4 54.Rcd1 Qe8 55.Kh2  0-1

[Event "FIN-chT"]
[Site "FIN"]
[Date "1992.??.??"]
[Round "?"]
[White "Paavilainen, Jorma"]
[Black "Pyhala, Antti"]
[Result "0-1"]
[WhiteElo "2300"]
[BlackElo "2365"]

1.e4 c5 2.Nf3 Nc6 3.d4 cxd4 4.Nxd4 e6 5.Nb5 d6 6.c4 Nf6 7.N1c3 a6 8.Na3 b6
9.Be2 Bb7 10.O-O Nb8 11.f3 Nbd7 12.Nc2 Qc7 13.Ne3 g5 14.Kh1 h5 15.Qd4 Qc5
16.Nc2 Rg8 17.Be3 Qxd4 18.Bxd4 Be7 19.Rad1 h4 20.h3 Nh5 21.Kg1 Rc8 22.Rf2 Ng3
23.Bd3 Bf6 24.Bxf6 Nxf6 25.Rfd2 Ke7 26.Ne3 Rgd8 27.Bc2 Ba8 28.Kf2 Rb8 29.a4 Ngh5
30.b4 Nf4 31.Bb3 Ng6 32.Ra2 Ne5 33.Rad2 Ne8 34.Ba2 Nd7 35.Ke2 a5 36.Nb5 axb4
37.Rb2 Nc5 38.Rxb4 Nf6 39.Bb1 Nh5 40.Bc2 Nf4+ 41.Kf1 Ng6 42.Nd4 Ne5 43.Rdb1 Ned7
44.Ke2 Bb7 45.Rd1 Ra8 46.Nb5 Ne5 47.Nc3 Ra6 48.Rdb1 Ned7 49.Nb5 Ra5 50.Nd1 Rc8
51.Ne3 Ba6 52.Rd1 Bxb5 53.cxb5 Ne5 54.Ng4 Nxg4 55.hxg4 Nd7 56.Rd2 Ne5 57.Bb3 Ra7
58.Rbd4 Rc3 59.Bd1 Rac7 60.Kf2 Nc4 61.Rc2 Rxc2+ 62.Bxc2 Na5 63.Bd1 Rc3 64.Rd2 Nc4
65.Ra2 Kf6 66.Be2 Na5 67.Ke1 Ke5 68.Kd2 Kd4 69.Rb2 Nb3+ 70.Ke1 Ke3 71.Bd1 Nd4
72.a5 h3 73.gxh3 Rc1 74.Rf2 bxa5 75.b6 Rb1  0-1

[Event "FIN-chT"]
[Site "FIN"]
[Date "1992.??.??"]
[Round "?"]
[White "Pyhala, Antti"]
[Black "Manninen, Marko"]
[Result "0-1"]
[WhiteElo "2365"]
[BlackElo "2450"]

1.e4 c5 2.Nf3 e6 3.d4 cxd4 4.Nxd4 Nc6 5.Nb5 Nf6 6.N1c3 d6 7.Bf4 e5 8.Bg5 a6
9.Na3 b5 10.Bxf6 gxf6 11.Nd5 Bg7 12.Nxb5 axb5 13.Bxb5 Bb7 14.a4 O-O 15.Ra3 Nd4
16.Rg3 f5 17.Qh5 Bxd5 18.exd5 Qf6 19.O-O Nxc2 20.Bc6 Rab8 21.a5 Rxb2 22.a6 Nd4
23.Ra3 Nxc6 24.dxc6 d5 25.c7 Qd6 26.Rc3 Rc8 27.Qxf5 Rxc7 28.a7 Ra2 29.Rg3 Raxa7
30.Rb1 Ra8 31.h4 Qe6 32.Qf3 Rac8 33.Rb3 Kh8 34.Qh5 Qh6 35.Qg4 Rc1+ 36.Kh2 f5
37.Qe2 e4 38.f4 Qxf4 39.Rb7 Rh1+ 40.Kxh1 Qxg3  0-1

[Event "FRA-chT"]
[Site "?"]
[Date "1992.??.??"]
[Round "?"]
[White "Prie, Eric"]
[Black "Cerisier, Philippe"]
[Result "1-0"]
[WhiteElo "2440"]
[BlackElo "2330"]

1.e4 c5 2.Nf3 e6 3.d4 cxd4 4.Nxd4 Nc6 5.Nb5 d6 6.c4 Nf6 7.N1c3 a6 8.Na3 b6
9.Be2 Bb7 10.Be3 Nb8 11.Qd4 Nbd7 12.f3 Be7 13.O-O O-O 14.Rfd1 Qc7 15.Bf1 Rac8
16.Bf2 Bc6 17.b4 Ne8 18.Qe3 Bb7 19.Rab1 Bd8 20.Kh1 Ne5 21.Na4 Nd7 22.Rb3 Bc6
23.b5 axb5 24.cxb5 Ba8 25.Nc4 Rb8 26.Bg3 Be7 27.Qd4 e5 28.Qb2 g6 29.Ne3 f5
30.exf5 gxf5 31.Bf2 Bg5 32.Bc4+ Kh8 33.Be6 Ng7 34.Bxd7 Qxd7 35.Nc4 Qe7 36.Naxb6 Bf6
37.Nxa8  1-0